000 00776cam a2200217 4500
001 4793
005 20181127174131.0
008 120803s2012 th ab b 001 0 eng
010 _a 2012331684
020 _a9786167339115
100 0 _aPiriya Krairk,
_d1942-
245 1 4 _aThe roots of Thai art /
_cPiriya Krairiksh ; translated by Narisa Chakrabongse ; photography by Piriya Krairiksh and Paisarn Piemmettawut.
260 _aBangkok :
_bRiver Books
_c2012.
300 _a416 p. :
_bill. (chiefly col.), col. maps ;
_c30 cm.
504 _aIncludes bibliographical references (p. 400-407) and index.
650 0 _aArt, Thai.
650 0 _aBuddhist art
_zThailand.
650 0 _aHindu art
_zThailand.
700 0 _aNarisa Chakrabongse,
_cM. R.
700 0 _aPhaisan Piammettawat.
999 _c3978
_d3978